[Event "4NCL"]
[Site "Barcelo Hotel, Hinkley Island,"]
[Date "2012.01.14"]
[Round "69.5"]
[White "Murphy, Hugh W"]
[Black "Farrand, Tom"]
[Result "0-1"]
[WhiteElo "2217"]
[BlackElo "2212"]
[PlyCount "54"]
[EventDate "2012.??.??"]
[WhiteTeam "Sambuca Sharks"]
[BlackTeam "AMCA Dragons"]

1. e4 c5 2. b3 Nc6 3. Bb2 d6 4. Bb5 Bd7 5. f4 Qc7 6. Nf3 O-O-O 7. O-O e6 8. c4
Nge7 9. Nc3 a6 10. Bxc6 Nxc6 11. Ng5 Be8 12. f5 Qe7 13. f6 Qc7 14. Ne2 Ne5 15.
Nf3 gxf6 16. Ng3 h5 17. Nxe5 fxe5 18. Nxh5 f5 19. Nf6 Bc6 20. exf5 Qg7 21. Ng4
exf5 22. Ne3 Be7 23. Rxf5 Rdg8 24. Qf1 Qh7 25. Kf2 Bxg2 26. Qd3 Qh4+ 27. Ke2
Be4 0-1

[Event "4NCL"]
[Site "Barcelo Hotel, Hinkley Island,"]
[Date "2012.01.14"]
[Round "69.6"]
[White "Hansen, Hans-Peter"]
[Black "Purton, Ben J"]
[Result "1-0"]
[WhiteElo "2215"]
[BlackElo "2145"]
[PlyCount "111"]
[EventDate "2012.??.??"]
[WhiteTeam "AMCA Dragons"]
[BlackTeam "Sambuca Sharks"]

1. c4 c5 2. g3 Nf6 3. Bg2 d5 4. cxd5 Nxd5 5. Nc3 Nxc3 6. bxc3 g6 7. Rb1 Qc7 8.
Qa4+ Nd7 9. Nf3 Bg7 10. O-O e5 11. d3 O-O 12. c4 Nf6 13. Qb5 a6 14. Qb6 Qxb6
15. Rxb6 Nd7 16. Rb3 Re8 17. Be3 Ra7 18. a4 e4 19. dxe4 b6 20. Nd2 Bd4 21. Rfb1
Bb7 22. a5 b5 23. cxb5 axb5 24. Bxd4 cxd4 25. Rxb5 Bc6 26. R5b4 Rxa5 27. Rxd4
Ne5 28. h3 g5 29. Nc4 Nxc4 30. Rxc4 Bd7 31. Rd4 Be6 32. Rdb4 h6 33. Rb8 Rxb8
34. Rxb8+ Kg7 35. Rb2 Ra1+ 36. Kh2 Kf6 37. f4 gxf4 38. gxf4 Ra3 39. Bf3 Ra1 40.
Rb6 Kg7 41. Kg3 Ra3 42. h4 Bc4 43. Rb2 Ra1 44. e5 Be6 45. Rd2 Rg1+ 46. Kf2 Ra1
47. Be4 Ra4 48. Kf3 Bg4+ 49. Kxg4 Rxe4 50. h5 Re3 51. Ra2 Kf8 52. Kf5 Kg7 53.
Rb2 Rh3 54. Rb7 Re3 55. Re7 Kf8 56. Kf6 1-0

[Event "4NCL"]
[Site "Barcelo Hotel, Hinkley Island,"]
[Date "2012.01.14"]
[Round "69.8"]
[White "Richardson, Keith B"]
[Black "York-Andersen, Anna"]
[Result "1-0"]
[WhiteElo "2141"]
[BlackElo "1811"]
[PlyCount "93"]
[EventDate "2012.??.??"]
[WhiteTeam "AMCA Dragons"]
[BlackTeam "Sambuca Sharks"]

1. c4 Nf6 2. Nf3 g6 3. g3 Bg7 4. Bg2 O-O 5. O-O c6 6. d4 d5 7. cxd5 cxd5 8. Ne5
Nc6 9. Nc3 e6 10. Bg5 h6 11. Bf4 Nh5 12. Nxc6 bxc6 13. Be3 Nf6 14. h3 Nd7 15.
Qd2 Kh7 16. Rac1 Nb6 17. b3 Bb7 18. Rfd1 Rc8 19. a4 a5 20. Na2 Ra8 21. Rc2 Re8
22. Nc1 Nd7 23. Nd3 Qb6 24. Ne1 Bf8 25. Nd3 Rec8 26. h4 Ba6 27. Rb1 Bg7 28. h5
g5 29. Ne5 Nxe5 30. dxe5 Qc7 31. f4 Qe7 32. Rbc1 Bb7 33. Bc5 Qd8 34. Bd4 Rab8
35. Rf1 Qe7 36. Bc5 Qe8 37. Bd6 Ra8 38. fxg5 hxg5 39. Qxg5 Bh6 40. Qf6 Bg7 41.
Qxf7 Qxf7 42. Rxf7 Ba6 43. Bh3 Re8 44. Rxc6 Bxe2 45. Rcc7 Rg8 46. Bxe6 Bxh5 47.
Rfd7 1-0

[Event "4NCL"]
[Site "Barcelo Hotel, Hinkley Island,"]
[Date "2012.01.14"]
[Round "70.1"]
[White "Carleton, John J"]
[Black "Jones, Richard S"]
[Result "1/2-1/2"]
[WhiteElo "2293"]
[BlackElo "2396"]
[PlyCount "80"]
[EventDate "2012.??.??"]
[WhiteTeam "Spirit of Atticus"]
[BlackTeam "Rhyfelwyr Essyllwg"]

1. d4 d5 2. c4 c6 3. Nc3 Nf6 4. cxd5 cxd5 5. Bf4 Nc6 6. e3 Bf5 7. Qb3 Na5 8.
Bb5+ Bd7 9. Qa4 e6 10. Bxd7+ Nxd7 11. Rc1 Rc8 12. Nge2 Nc6 13. O-O Be7 14. Qb5
Qb6 15. Qd3 O-O 16. f3 Nb4 17. Qd2 Qa6 18. Rfd1 Nb6 19. b3 Rfd8 20. a4 Qa5 21.
Nb5 a6 22. Rxc8 Rxc8 23. Nd6 Bxd6 24. Bxd6 Nc6 25. Qb2 Nd7 26. Rc1 Qd8 27. Nf4
Na5 28. Rc3 Rc6 29. Bb4 Nb8 30. Nd3 Rxc3 31. Qxc3 Nac6 32. Ba3 h6 33. g3 Nd7
34. Bd6 Qb6 35. Bc5 Qa5 36. Bb4 Qd8 37. Kf2 Kh7 38. Ba3 Qb8 39. Qc2 g6 40. Qc3
Kg7 1/2-1/2

[Event "4NCL"]
[Site "Barcelo Hotel, Hinkley Island,"]
[Date "2012.01.14"]
[Round "70.2"]
[White "Kett, Timothy J"]
[Black "Ivell, Nicholas W"]
[Result "1-0"]
[WhiteElo "2181"]
[BlackElo "2335"]
[PlyCount "59"]
[EventDate "2012.??.??"]
[WhiteTeam "Rhyfelwyr Essyllwg"]
[BlackTeam "Spirit of Atticus"]

1. e4 c5 2. Nf3 e6 3. d4 cxd4 4. Nxd4 Nf6 5. Nc3 d6 6. g4 h6 7. h4 Nc6 8. Rg1
h5 9. gxh5 Nxh5 10. Bg5 Nf6 11. Qd2 a6 12. O-O-O Qc7 13. Nxc6 bxc6 14. Bc4 d5
15. exd5 cxd5 16. Bxd5 Nxd5 17. Nxd5 exd5 18. Qxd5 Bb7 19. Rge1+ Be7 20. Qf5 f6
21. Bf4 Qc8 22. Qg6+ Kf8 23. Rxe7 Kxe7 24. Qxg7+ Ke6 25. Rd6+ Kf5 26. Qxf6+ Kg4
27. Qg5+ Kf3 28. Qg3+ Ke2 29. Rd2+ Kf1 30. Rd1+ 1-0

[Event "4NCL"]
[Site "Barcelo Hotel, Hinkley Island,"]
[Date "2012.01.14"]
[Round "70.4"]
[White "Spice, Alan P"]
[Black "Jackson, Sheila"]
[Result "1/2-1/2"]
[WhiteElo "2129"]
[BlackElo "2162"]
[PlyCount "103"]
[EventDate "2012.??.??"]
[WhiteTeam "Rhyfelwyr Essyllwg"]
[BlackTeam "Spirit of Atticus"]

1. Nc3 e5 2. Nf3 Nc6 3. d4 exd4 4. Nxd4 Nf6 5. Bg5 Bb4 6. Nxc6 Bxc3+ 7. bxc3
bxc6 8. Qd4 O-O 9. e3 h6 10. Bxf6 Qxf6 11. Qxf6 gxf6 12. Bd3 Rb8 13. Kd2 d6 14.
Rab1 Be6 15. c4 c5 16. Kc3 Rb6 17. Rb3 Rfb8 18. Rhb1 Kf8 19. a3 Bd7 20. Be4 Ke7
21. Bd5 Ba4 22. R3b2 f5 23. h4 Bd7 24. Rb3 Ba4 25. Rxb6 axb6 26. Rh1 Bd7 27.
Ra1 Ba4 28. Re1 Kf6 29. Rh1 Bd7 30. Rh3 c6 31. Bf3 Rh8 32. Kb3 f4 33. Rh1 fxe3
34. fxe3 Re8 35. Re1 Ke5 36. Rd1 Rg8 37. Rd2 Rg3 38. Kb2 Be6 39. Kc3 d5 40.
cxd5 Bxd5 41. Rf2 f5 42. Kd3 Bxf3 43. gxf3 f4 44. c4 Rh3 45. h5 Rxh5 46. Rb2
Rh3 47. exf4+ Kxf4 48. Rxb6 Rxf3+ 49. Ke2 Rxa3 50. Rxc6 Ke4 51. Rxc5 Ra2+ 52.
Kf1 1/2-1/2

[Event "4NCL"]
[Site "Barcelo Hotel, Hinkley Island,"]
[Date "2012.01.14"]
[Round "70.5"]
[White "Ackley, Peter JE"]
[Black "Garcia, Jason"]
[Result "1/2-1/2"]
[WhiteElo "2047"]
[BlackElo "2017"]
[PlyCount "35"]
[EventDate "2012.??.??"]
[WhiteTeam "Spirit of Atticus"]
[BlackTeam "Rhyfelwyr Essyllwg"]

1. Nf3 Nf6 2. g3 c6 3. Bg2 d5 4. O-O g6 5. c4 Bg7 6. cxd5 cxd5 7. d4 Nc6 8. Nc3
O-O 9. Ne5 e6 10. f4 Qb6 11. e3 Bd7 12. g4 Rad8 13. g5 Ne8 14. Na4 Qc7 15. Nxd7
Qxd7 16. b3 Nd6 17. Ba3 Rfe8 18. Bxd6 1/2-1/2

[Event "4NCL"]
[Site "Barcelo Hotel, Hinkley Island,"]
[Date "2012.01.14"]
[Round "70.6"]
[White "Davies, Matthew"]
[Black "Connor, Stephen J"]
[Result "1/2-1/2"]
[WhiteElo "1982"]
[BlackElo "2069"]
[PlyCount "80"]
[EventDate "2012.??.??"]
[WhiteTeam "Rhyfelwyr Essyllwg"]
[BlackTeam "Spirit of Atticus"]

1. d4 Nf6 2. c4 e6 3. Nc3 Bb4 4. e3 O-O 5. Nge2 d5 6. a3 Be7 7. cxd5 exd5 8.
Ng3 c5 9. dxc5 Bxc5 10. b4 Bd6 11. Bb2 Nc6 12. Be2 Be5 13. Na4 Bxb2 14. Nxb2
Be6 15. O-O Rc8 16. Rc1 Qe7 17. Na4 Rfd8 18. Nc5 a5 19. b5 Ne5 20. Nxe6 fxe6
21. Qb3 b6 22. Rfd1 Rc5 23. Rxc5 Qxc5 24. Qb2 Qd6 25. Rc1 Ne4 26. f3 Nc5 27.
Rd1 g6 28. Ne4 Nxe4 29. fxe4 Rc8 30. exd5 exd5 31. Qd4 Rc5 32. e4 Nd7 33. exd5
Nf6 34. a4 Rc7 35. Bg4 Nxg4 36. Qxg4 Qc5+ 37. Qd4 Qxd4+ 38. Rxd4 Kf7 39. Kf2
Kf6 40. Re4 Kf5 1/2-1/2

[Event "4NCL"]
[Site "Barcelo Hotel, Hinkley Island,"]
[Date "2012.01.14"]
[Round "70.7"]
[White "Mort, Andrew J"]
[Black "Kostanjsek, Luke"]
[Result "1/2-1/2"]
[WhiteElo "2017"]
[BlackElo "1874"]
[PlyCount "59"]
[EventDate "2012.??.??"]
[WhiteTeam "Spirit of Atticus"]
[BlackTeam "Rhyfelwyr Essyllwg"]

1. c4 e5 2. g3 d6 3. Bg2 Nc6 4. Nc3 Nf6 5. Nf3 g6 6. O-O Bg7 7. d3 O-O 8. Rb1
a5 9. a3 Bf5 10. b4 axb4 11. axb4 Qd7 12. b5 Nd8 13. Re1 Ne8 14. Bb2 Bh3 15.
Bh1 h6 16. Qb3 Ne6 17. Ra1 Nc5 18. Qc2 Rb8 19. Ra7 f5 20. Ba3 Ne6 21. Nd2 Qc8
22. e3 g5 23. Nd5 Rf7 24. Bg2 Bxg2 25. Kxg2 f4 26. Qd1 Nf6 27. Nxf6+ Rxf6 28.
f3 h5 29. Bb2 Rg6 30. d4 1/2-1/2

[Event "4NCL"]
[Site "Barcelo Hotel, Hinkley Island,"]
[Date "2012.01.14"]
[Round "70.8"]
[White "Reid, Vaness"]
[Black "Robertson, David J"]
[Result "0-1"]
[WhiteElo "1837"]
[BlackElo "1918"]
[PlyCount "153"]
[EventDate "2012.??.??"]
[WhiteTeam "Rhyfelwyr Essyllwg"]
[BlackTeam "Spirit of Atticus"]

1. d4 d5 2. c4 e6 3. Nc3 c6 4. Nf3 Nf6 5. Bg5 h6 6. Bh4 dxc4 7. e3 b5 8. Nd2
Bb7 9. Qf3 g5 10. Bg3 a6 11. Be5 Nbd7 12. Nde4 Be7 13. Nd6+ Bxd6 14. Bxd6 Rg8
15. O-O-O Qb6 16. Qh3 O-O-O 17. e4 c5 18. dxc5 Nxc5 19. e5 Nfe4 20. Nxe4 Nxe4
21. Qh5 Nxd6 22. exd6 Rg6 23. f4 Qe3+ 24. Kb1 Qxf4 25. Be2 Rxd6 26. Rdf1 Be4+
27. Ka1 Qe5 28. Rd1 Rxd1+ 29. Rxd1 Rf6 30. Qh3 Bd5 31. Bh5 Rf2 32. Qa3 Qf6 33.
Qxa6+ Kd8 34. Qxb5 Qf4 35. Bf3 Rxf3 36. gxf3 Qxf3 37. Qb6+ Ke7 38. Qc5+ Kf6 39.
Qd4+ Kg6 40. Rg1 h5 41. Qh8 Qf6 42. Qg8+ Kh6 43. Qf8+ Kh7 44. Qc5 g4 45. h3 g3
46. Qe3 h4 47. Qe2 g2 48. Rxg2 Bxg2 49. Qxg2 Qd4 50. a3 Kh6 51. Qg8 Qf6 52. Qg4
c3 53. bxc3 Qxc3+ 54. Ka2 Qg3 55. Qd4 e5 56. Qd7 Kg6 57. Qd6+ f6 58. Qe6 Kg5
59. a4 Qf2+ 60. Kb3 Qe3+ 61. Kb4 Qd4+ 62. Kb5 Qb2+ 63. Ka5 Qe2 64. Qg8+ Kf4 65.
Qg6 e4 66. Qxf6+ Kg3 67. Qe6 e3 68. Kb6 Qf3 69. a5 e2 70. Qg6+ Kxh3 71. Qg1 Qf1
72. Qe3+ Kh2 73. Qe5+ Kg1 74. Qg5+ Qg2 75. Qc1+ Kh2 76. Qf4+ Qg3 77. Qd2 0-1

[Event "4NCL"]
[Site "Barcelo Hotel, Hinkley Island,"]
[Date "2012.01.14"]
[Round "71.1"]
[White "Cooper, John G"]
[Black "Girdlestone, Paul C"]
[Result "1/2-1/2"]
[WhiteElo "2351"]
[BlackElo "2191"]
[PlyCount "48"]
[EventDate "2012.??.??"]
[WhiteTeam "South Wales Dragons"]
[BlackTeam "Brown Jack"]

1. Nf3 Nf6 2. g3 c6 3. Bg2 d5 4. c4 g6 5. b3 Bg7 6. Bb2 O-O 7. O-O Nbd7 8. Qc2
Qa5 9. cxd5 cxd5 10. Rc1 Nb6 11. Bc3 Qc5 12. Qb2 Bf5 13. d3 Rac8 14. Nbd2 Qd6
15. a4 Nbd7 16. Nd4 Rxc3 17. Qxc3 Ng4 18. Nxf5 gxf5 19. d4 e5 20. Qc7 Qe6 21.
Ra2 Bh6 22. dxe5 Ndxe5 23. Nf3 Bxc1 24. Qxc1 Qb6 1/2-1/2

[Event "4NCL"]
[Site "Barcelo Hotel, Hinkley Island,"]
[Date "2012.01.14"]
[Round "71.2"]
[White "Hall, Daniel J"]
[Black "Zeidler, Sven P"]
[Result "1-0"]
[WhiteElo "2120"]
[BlackElo "2279"]
[PlyCount "73"]
[EventDate "2012.??.??"]
[WhiteTeam "Brown Jack"]
[BlackTeam "South Wales Dragons"]

1. e4 d5 2. exd5 Qxd5 3. Nc3 Qa5 4. d4 Nf6 5. Nf3 Bg4 6. h3 Bh5 7. Be2 e6 8.
O-O Nbd7 9. Bd2 c6 10. Ne4 Qd5 11. Nxf6+ gxf6 12. c4 Qe4 13. Be3 Rg8 14. Kh1 f5
15. Qd2 Bd6 16. Ng5 Rxg5 17. f3 Qh4 18. Bxg5 Qg3 19. f4 h6 20. Bxh6 Qg6 21. Bg5
f6 22. Rae1 Kf7 23. d5 exd5 24. cxd5 Bxe2 25. Qxe2 Nc5 26. Bh4 Rh8 27. Bf2 Ne4
28. dxc6 bxc6 29. Qc4+ Kg7 30. Qe6 Bxf4 31. Rxe4 fxe4 32. Bd4 Qg5 33. Qe7+ Kh6
34. Qxf6+ Qxf6 35. Bxf6 Kg6 36. Bxh8 Bg3 37. Bd4 1-0

[Event "4NCL"]
[Site "Barcelo Hotel, Hinkley Island,"]
[Date "2012.01.14"]
[Round "71.3"]
[White "Kennaugh, Charles W"]
[Black "Truran, Michael C"]
[Result "1/2-1/2"]
[WhiteElo "2251"]
[BlackElo "2195"]
[PlyCount "85"]
[EventDate "2012.??.??"]
[WhiteTeam "South Wales Dragons"]
[BlackTeam "Brown Jack"]

1. e4 c5 2. Nc3 a6 3. g3 Nc6 4. Bg2 g6 5. f4 Bg7 6. Nf3 d6 7. O-O e6 8. d3 Nge7
9. Be3 Nd4 10. Qd2 O-O 11. Rfe1 Bd7 12. Ne2 Nxe2+ 13. Rxe2 Rc8 14. c3 f5 15.
Rd1 Qa5 16. a3 Rfd8 17. Qe1 h6 18. Bf2 Nc6 19. exf5 exf5 20. Nh4 Kh7 21. Bd5
Rf8 22. Rdd2 Rce8 23. Bf7 Rxf7 24. Rxe8 Bxe8 25. Qxe8 Qc7 26. Re2 Bf6 27. Nf3
Re7 28. Rxe7+ Qxe7 29. Qxe7+ Bxe7 30. d4 cxd4 31. Nxd4 Nxd4 32. Bxd4 Kg8 33.
Kf2 Kf7 34. Ke3 Ke6 35. Bg7 h5 36. Kd3 h4 37. a4 hxg3 38. hxg3 g5 39. Bh6 gxf4
40. Bxf4 Bd8 41. Kc4 Bb6 42. b4 Bf2 43. Kd3 1/2-1/2

[Event "4NCL"]
[Site "Barcelo Hotel, Hinkley Island,"]
[Date "2012.01.14"]
[Round "71.4"]
[White "Haydon, Richard"]
[Black "Redmond, John P"]
[Result "0-1"]
[WhiteElo "2173"]
[BlackElo "2246"]
[PlyCount "62"]
[EventDate "2012.??.??"]
[WhiteTeam "Brown Jack"]
[BlackTeam "South Wales Dragons"]

1. Nf3 g6 2. e4 d6 3. d4 Nf6 4. Nc3 Bg7 5. Be2 O-O 6. O-O e6 7. Re1 Nc6 8. Bb5
Ne7 9. a4 a6 10. Bd3 b6 11. e5 dxe5 12. dxe5 Nfd5 13. Ne4 Bb7 14. Bg5 h6 15.
Nf6+ Bxf6 16. Bxf6 Nxf6 17. exf6 Nf5 18. Ne5 Qxf6 19. Bxf5 Qxf5 20. Qd4 Qg5 21.
f3 Rad8 22. Nd7 e5 23. Qg4 Qxg4 24. Nf6+ Kg7 25. Nxg4 f6 26. Rad1 a5 27. Nf2
Kf7 28. Nd3 Ba6 29. f4 Bxd3 30. cxd3 exf4 31. Re4 g5 0-1

[Event "4NCL"]
[Site "Barcelo Hotel, Hinkley Island,"]
[Date "2012.01.14"]
[Round "71.5"]
[White "James, David J"]
[Black "Bourne, Johnathan D"]
[Result "1/2-1/2"]
[WhiteElo "2153"]
[BlackElo "2081"]
[PlyCount "92"]
[EventDate "2012.??.??"]
[WhiteTeam "South Wales Dragons"]
[BlackTeam "Brown Jack"]

1. Nf3 Nf6 2. c4 g6 3. Nc3 Bg7 4. e4 d6 5. d4 O-O 6. Be2 Na6 7. h3 e5 8. d5 Nc5
9. Qc2 a5 10. Be3 b6 11. Nd2 Ne8 12. O-O-O f5 13. f3 Nf6 14. g4 f4 15. Bf2 Bd7
16. b3 Na6 17. a3 Nc5 18. Kb2 Qe8 19. Ra1 c6 20. b4 Nb7 21. Bxb6 cxd5 22. cxd5
Qb8 23. b5 Rc8 24. a4 Nc5 25. Bxc5 Rxc5 26. Qd3 Qa7 27. Rhc1 Rac8 28. Nb3 R5c7
29. Nd1 Ne8 30. Rxc7 Rxc7 31. Rc1 Rxc1 32. Kxc1 Bf6 33. Nb2 h5 34. Nc4 Bd8 35.
Kd2 hxg4 36. hxg4 Kg7 37. Qc3 Qg1 38. Nbxa5 Bh4 39. Kc2 Be1 40. Qa1 Qf2 41. Qd1
Nf6 42. Kb1 Bxg4 43. Nxd6 Bxa5 44. fxg4 Qc5 45. g5 Qb4+ 46. Ka2 Nd7 1/2-1/2

[Event "4NCL"]
[Site "Barcelo Hotel, Hinkley Island,"]
[Date "2012.01.14"]
[Round "71.6"]
[White "Owens, Megan R"]
[Black "Morris, Charles F"]
[Result "1/2-1/2"]
[WhiteElo "1802"]
[BlackElo "2158"]
[PlyCount "52"]
[EventDate "2012.??.??"]
[WhiteTeam "Brown Jack"]
[BlackTeam "South Wales Dragons"]

1. c4 e6 2. g3 d5 3. Bg2 Nf6 4. Nf3 Be7 5. O-O O-O 6. d4 c5 7. cxd5 exd5 8. Nc3
Nc6 9. dxc5 Bxc5 10. Na4 Be7 11. Be3 Re8 12. Rc1 Ne4 13. Nd4 Bd7 14. Nc3 Nxc3
15. Rxc3 Bf6 16. Nxc6 bxc6 17. Rb3 Rb8 18. Rxb8 Qxb8 19. b3 Qb4 20. Qc2 d4 21.
Bf4 g5 22. Bc1 c5 23. Be4 h5 24. Bf5 Bc6 25. Bh7+ Kg7 26. Bd3 Ra8 1/2-1/2

[Event "4NCL"]
[Site "Barcelo Hotel, Hinkley Island,"]
[Date "2012.01.14"]
[Round "71.7"]
[White "Jameson, David"]
[Black "Martin, Lewis"]
[Result "1/2-1/2"]
[WhiteElo "2077"]
[BlackElo "1976"]
[PlyCount "126"]
[EventDate "2012.??.??"]
[WhiteTeam "South Wales Dragons"]
[BlackTeam "Brown Jack"]

1. e4 Nf6 2. e5 Nd5 3. Nc3 Nxc3 4. dxc3 d6 5. Bf4 Nc6 6. Nf3 Bg4 7. Bb5 e6 8.
h3 Bh5 9. Qd3 a6 10. Bxc6+ bxc6 11. O-O Be7 12. Rad1 d5 13. Rd2 O-O 14. Nd4 Qd7
15. Qg3 c5 16. Ne2 Qb5 17. b3 Bxe2 18. a4 Qd7 19. Rxe2 Kh8 20. Rd2 c6 21. Re1
f5 22. exf6 gxf6 23. Qg4 f5 24. Be5+ Bf6 25. Qg5 Qg7 26. Qxg7+ Kxg7 27. Rde2
Rfe8 28. f4 Bxe5 29. Rxe5 Kf6 30. g4 fxg4 31. hxg4 Re7 32. g5+ Kf7 33. Kf2 Rg8
34. Kf3 Rg6 35. Kg4 h6 36. Rh1 hxg5 37. fxg5 Re8 38. Rh7+ Rg7 39. Rh6 Rg6 40.
Kf4 Reg8 41. Rh7+ R6g7 42. Rh6 Rg6 43. c4 Ke7 44. cxd5 cxd5 45. Rxg6 Rxg6 46.
c4 Kd6 47. cxd5 exd5 48. Re1 Rg8 49. Kf5 Rf8+ 50. Kg6 Rf3 51. Rb1 d4 52. Kh7
Rh3+ 53. Kg7 Rg3 54. g6 Kd5 55. Kf7 d3 56. g7 Kd4 57. g8=Q Rxg8 58. Kxg8 Kc3
59. Rc1+ Kxb3 60. Rxc5 d2 61. Rd5 Kc2 62. Rc5+ Kb2 63. Rd5 Kc2 1/2-1/2

[Event "4NCL"]
[Site "Barcelo Hotel, Hinkley Island,"]
[Date "2012.01.14"]
[Round "71.8"]
[White "Rabbitt, Michael"]
[Black "Lochte, Szilvia"]
[Result "1-0"]
[WhiteElo "2025"]
[BlackElo "1956"]
[PlyCount "79"]
[EventDate "2012.??.??"]
[WhiteTeam "Brown Jack"]
[BlackTeam "South Wales Dragons"]

1. d4 Nf6 2. c4 e6 3. Nf3 b6 4. g3 Bb7 5. Bg2 Be7 6. O-O O-O 7. Nc3 d6 8. Qc2
Nbd7 9. e4 e5 10. b3 c6 11. Bb2 Qc7 12. Rfe1 Rfd8 13. Rac1 Rac8 14. Qd2 Qb8 15.
Bh3 Qc7 16. Qe2 Re8 17. Rcd1 Rcd8 18. Bg2 a6 19. Rc1 Bf8 20. d5 c5 21. Nd2 g6
22. Rf1 Bh6 23. Rce1 Nh5 24. a4 Rb8 25. Qd3 Qd8 26. Ne2 Ng7 27. f4 f5 28. Bh3
Rf8 29. Nf3 fxe4 30. Qxe4 Nf6 31. Qc2 exf4 32. Nxf4 Bc8 33. Bxc8 Qxc8 34. Ne6
Rf7 35. Nfg5 Nxe6 36. dxe6 Re7 37. Bxf6 Bxg5 38. Bxg5 Rxe6 39. Qd2 Qe8 40. Qd5
1-0

[Event "4NCL"]
[Site "Barcelo Hotel, Hinkley Island,"]
[Date "2012.01.14"]
[Round "72.1"]
[White "Ashton, Adam G"]
[Black "Mason, Donald J"]
[Result "1/2-1/2"]
[WhiteElo "2365"]
[BlackElo "2227"]
[PlyCount "44"]
[EventDate "2012.??.??"]
[WhiteTeam "3Cs 1"]
[BlackTeam "Warwickshire Select 1"]

1. e4 c5 2. Nf3 d6 3. Bc4 e6 4. O-O a6 5. Re1 Be7 6. c3 Qc7 7. Bf1 Nf6 8. d4 e5
9. Na3 Nc6 10. h3 O-O 11. Nc2 Re8 12. dxc5 dxc5 13. Nh2 Be6 14. Qf3 b5 15. Ne3
Rad8 16. Nf5 Bxf5 17. Qxf5 c4 18. Ng4 Nxg4 19. Qxg4 Na5 20. Bh6 Bf8 21. Bg5 Be7
22. Bh6 Bf8 1/2-1/2

[Event "4NCL"]
[Site "Barcelo Hotel, Hinkley Island,"]
[Date "2012.01.14"]
[Round "72.2"]
[White "Thomas, Nicholas"]
[Black "Clarke, Stuart W"]
[Result "1/2-1/2"]
[WhiteElo "2268"]
[BlackElo "2303"]
[PlyCount "74"]
[EventDate "2012.??.??"]
[WhiteTeam "Warwickshire Select 1"]
[BlackTeam "3Cs 1"]

1. e4 e6 2. d4 d5 3. Nd2 c5 4. exd5 Qxd5 5. Ngf3 cxd4 6. Bc4 Qd6 7. Qe2 Nf6 8.
Bb3 Nc6 9. Nc4 Qc5 10. Bf4 Nd5 11. Bg3 Be7 12. O-O-O O-O 13. Nce5 Bf6 14. Nxc6
bxc6 15. Be5 a5 16. Rxd4 Ba6 17. Qe4 Rfc8 18. h4 Qe7 19. c4 c5 20. Rd2 Nb6 21.
Ng5 g6 22. Qf4 Bxe5 23. Qxe5 a4 24. Ne4 axb3 25. Nf6+ Qxf6 26. Qxf6 bxa2 27.
Kc2 Bxc4 28. b3 Nd5 29. Qe5 Bxb3+ 30. Kxb3 c4+ 31. Kc2 c3 32. Rxd5 exd5 33. Ra1
d4 34. Qxd4 Rd8 35. Qf4 Rac8 36. Rxa2 Rd2+ 37. Qxd2 cxd2+ 1/2-1/2

[Event "4NCL"]
[Site "Barcelo Hotel, Hinkley Island,"]
[Date "2012.01.14"]
[Round "72.3"]
[White "Jaunooby, Ali Reza"]
[Black "Pitcher, John"]
[Result "0-1"]
[WhiteElo "2146"]
[BlackElo "2205"]
[PlyCount "160"]
[EventDate "2012.??.??"]
[WhiteTeam "3Cs 1"]
[BlackTeam "Warwickshire Select 1"]

1. d4 d5 2. Nf3 c6 3. Bf4 Nf6 4. Nbd2 Bg4 5. h3 Bh5 6. g4 Bg6 7. Ne5 Nbd7 8.
Nxg6 hxg6 9. Bg2 Qb6 10. e3 e6 11. O-O c5 12. c3 Bd6 13. g5 Bxf4 14. gxf6 Bh6
15. e4 O-O 16. fxg7 Rfd8 17. exd5 exd5 18. dxc5 Nxc5 19. Nb3 Ne6 20. Qf3 Nf4
21. Rfd1 Re8 22. Bf1 Re5 23. Rd4 Rg5+ 24. Kh1 Rf5 25. Rb4 Qc7 26. Nd4 Rf6 27.
Re1 Kxg7 28. Nb5 Qd7 29. Qg4 Qxg4 30. hxg4 Ne6 31. Kg1 a6 32. Nd6 b5 33. a4 Rd8
34. axb5 a5 35. Nb7 axb4 36. Rxe6 Rxe6 37. Nxd8 Re8 38. Nc6 bxc3 39. bxc3 Re1
40. Nb4 Rd1 41. Kg2 Bf4 42. Be2 Rd2 43. Bf3 d4 44. c4 Bd6 45. Na6 Rc2 46. Bd5
d3 47. Kf3 d2 48. Ke2 Bf4 49. c5 Rb2 50. Be4 Rxb5 51. Bc2 Rb7 52. c6 Rb6 53. c7
Rc6 54. Ba4 Rc1 55. Bb3 g5 56. Ba4 Bxc7 57. Nxc7 Rxc7 58. Kxd2 Rc4 59. Bd1 Re4
60. Bf3 Re7 61. Kd3 Kf6 62. Kd4 Re1 63. Kd3 Ke5 64. Kd2 Ra1 65. Ke2 Kf4 66. Bd5
Ra7 67. f3 f6 68. Kf2 Rd7 69. Bc6 Rd2+ 70. Ke1 Ke3 71. Kf1 Rf2+ 72. Kg1 Rxf3
73. Kg2 Rf4 74. Kg3 Rc4 75. Bd5 Rc3 76. Bf3 Kd4 77. Kf2 Ke5 78. Kg3 Rb3 79. Kf2
Kf4 80. Bd1 Rb2+ 0-1

[Event "4NCL"]
[Site "Barcelo Hotel, Hinkley Island,"]
[Date "2012.01.14"]
[Round "72.4"]
[White "Hynes, AM (Tony)"]
[Black "Walton, Alan J"]
[Result "0-1"]
[WhiteElo "2187"]
[BlackElo "2161"]
[PlyCount "76"]
[EventDate "2012.??.??"]
[WhiteTeam "Warwickshire Select 1"]
[BlackTeam "3Cs 1"]

1. e4 e6 2. d4 d5 3. Nd2 a6 4. e5 c5 5. c3 Nc6 6. Ngf3 b5 7. Bd3 f6 8. exf6
gxf6 9. Nh4 Qc7 10. Qh5+ Qf7 11. Bg6 hxg6 12. Qxh8 cxd4 13. Nhf3 e5 14. Nf1 d3
15. Ng3 Bg4 16. Qh4 Be6 17. O-O O-O-O 18. a4 b4 19. cxb4 Bxb4 20. Bd2 Bxd2 21.
Nxd2 Nd4 22. Rfc1+ Kd7 23. f4 e4 24. f5 gxf5 25. Qf4 Ne7 26. Rc7+ Ke8 27. Rac1
Nc2 28. Nb3 Ng6 29. Rxf7 Nxf4 30. Rxf6 Ke7 31. Rh6 Rc8 32. Kf2 d4 33. Rh7+ Kf6
34. Rh6+ Ke5 35. Na5 e3+ 36. Kf1 d2 37. Rd1 d3 38. Rxe6+ Kxe6 0-1

[Event "4NCL"]
[Site "Barcelo Hotel, Hinkley Island,"]
[Date "2012.01.14"]
[Round "72.5"]
[White "Horton, Jamie A"]
[Black "Holt, Philip J"]
[Result "1/2-1/2"]
[WhiteElo "1999"]
[BlackElo "2255"]
[PlyCount "40"]
[EventDate "2012.??.??"]
[WhiteTeam "3Cs 1"]
[BlackTeam "Warwickshire Select 1"]

1. e4 e5 2. Nf3 d6 3. d4 exd4 4. Nxd4 g6 5. Nc3 Bg7 6. Bc4 Nc6 7. Be3 Ne5 8.
Bb3 Nf6 9. h3 O-O 10. O-O a6 11. a4 c5 12. Nf3 c4 13. Nxe5 cxb3 14. Nc4 bxc2
15. Qxd6 Be6 16. Qxd8 Raxd8 17. Nd2 Rd3 18. Rac1 Nd7 19. Rxc2 f5 20. Ne2 fxe4
1/2-1/2

[Event "4NCL"]
[Site "Barcelo Hotel, Hinkley Island,"]
[Date "2012.01.14"]
[Round "72.6"]
[White "Shephard, Chris CW"]
[Black "Burton, Graham P"]
[Result "1-0"]
[WhiteElo "2161"]
[BlackElo "2058"]
[PlyCount "97"]
[EventDate "2012.??.??"]
[WhiteTeam "Warwickshire Select 1"]
[BlackTeam "3Cs 1"]

1. c4 e5 2. Nc3 Nc6 3. Nf3 g6 4. g3 Bg7 5. Bg2 Nge7 6. O-O O-O 7. Rb1 d6 8. b4
a6 9. d3 Rb8 10. Ne1 h6 11. Nc2 b5 12. Nd5 Nd4 13. Bd2 Bb7 14. Re1 Kh7 15. Rc1
bxc4 16. dxc4 Nef5 17. e3 Ne6 18. Qe2 c6 19. Nc3 d5 20. e4 Nfd4 21. Qd3 dxe4
22. Nxe4 f5 23. Nc5 e4 24. Nxe6 exd3 25. Nxd8 Nxc2 26. Nxb7 Nxe1 27. Bxc6 Nc2
28. Kf1 Rfc8 29. Bd5 Be5 30. Nc5 Nxb4 31. Bxb4 Rxb4 32. Nxd3 Bd6 33. Nxb4 Bxb4
34. Ke2 Rc7 35. Kd3 Kg7 36. Rc2 Kf6 37. Rb2 a5 38. Kc2 Ke5 39. Kb3 Kd4 40. Ka4
Bc5 41. Kxa5 Re7 42. Kb5 Ba3 43. Rb3 Ra7 44. Rb1 Bf8 45. a4 Re7 46. a5 Re2 47.
a6 Ra2 48. Bb7 Be7 49. Rd1+ 1-0

[Event "4NCL"]
[Site "Barcelo Hotel, Hinkley Island,"]
[Date "2012.01.14"]
[Round "72.7"]
[White "Adams, Philip"]
[Black "Stepanyan, Henrik"]
[Result "1/2-1/2"]
[WhiteElo "2097"]
[BlackElo "1942"]
[PlyCount "41"]
[EventDate "2012.??.??"]
[WhiteTeam "3Cs 1"]
[BlackTeam "Warwickshire Select 1"]

1. e4 e5 2. Nf3 Nc6 3. Bc4 Nf6 4. d3 Be7 5. O-O O-O 6. Bb3 d5 7. exd5 Nxd5 8.
h3 Be6 9. Re1 Bf6 10. Nbd2 Nf4 11. Nc4 Ng6 12. Bd2 Re8 13. Bc3 Bxc4 14. Bxc4
Nd4 15. Bxd4 exd4 16. Rxe8+ Qxe8 17. Qd2 Ne5 18. Nxe5 Qxe5 19. Re1 Qd6 20. Qe2
Qd7 21. Qe4 1/2-1/2